Management 98/99 / (Record no. 346539)
[ view plain ]
| 000 -LEADER | |
|---|---|
| fixed length control field | 00539 a2200169 4500 |
| 020 ## - INTERNATIONAL STANDARD BOOK NUMBER | |
| International Standard Book Number | 0697391817 (paperback) |
| 020 ## - INTERNATIONAL STANDARD BOOK NUMBER | |
| International Standard Book Number | 9780697391810 (paperback) |
| 090 ## - LOCALLY ASSIGNED LC-TYPE CALL NUMBER (OCLC); LOCAL CALL NUMBER (RLIN) | |
| -- | 4083 |
| -- | 4083 |
| 100 1# - MAIN ENTRY--PERSONAL NAME | |
| Personal name | Maidment. |
| 245 10 - TITLE STATEMENT | |
| Title | Management 98/99 / |
| Statement of responsibility, etc. | Maidment, Fred H. Maidment. |
| 260 ## - PUBLICATION, DISTRIBUTION, ETC. | |
| Place of publication, distribution, etc. | [S.l.] : |
| Name of publisher, distributor, etc. | McGraw Hill Higher Education, |
| Date of publication, distribution, etc. | 1998. |
| 300 ## - PHYSICAL DESCRIPTION | |
| Extent | 240 p. ; |
| Dimensions | 28 cm. |
| 500 ## - GENERAL NOTE | |
| General note | Import. |
| 700 1# - ADDED ENTRY--PERSONAL NAME | |
| Personal name | Maidment, Fred H. |
| 856 40 - ELECTRONIC LOCATION AND ACCESS | |
| Materials specified | Amazon.com |
| Uniform Resource Identifier | <a href="http://www.amazon.com/exec/obidos/ASIN/0697391817/chopaconline-20">http://www.amazon.com/exec/obidos/ASIN/0697391817/chopaconline-20</a> |
| 942 ## - ADDED ENTRY ELEMENTS (KOHA) | |
| Institution code [OBSOLETE] | NBS |
| Koha item type | Book |
| Call number prefix | 658.05 MAI |
| Withdrawn status | Lost status | Damaged status | Not for loan | Permanent Location | Current Location | Date acquired | Total Checkouts | Full call number | Barcode | Date last seen | Price effective from | Koha item type | Public note |
|---|---|---|---|---|---|---|---|---|---|---|---|---|---|
| Write Off | Central Library (CL) | Central Library (CL) | 08/28/2013 | 658.05 MAI | NBS4693 | 08/28/2013 | 08/28/2013 | Book | No:67/2004/NIMS, Dated:23 August 2004 |
